000 00304nam a2200109 4500
082 _a920
_bS15S
100 _aसिंह, शरद
245 _aश्यामा प्रसाद मुख़र्जी
260 _bसामयिक बुक्स
_c2015
300 _a175
942 _2ddc
_cBK
999 _c31993
_d31993